[Event "Swiss Queens Wed #13"]
[Site "FIDE Online Arena INT"]
[Date "2024.04.24"]
[Round "7"]
[White "Narva, Triin"]
[Black "Michelle, Catherina P"]
[Result "0-1"]
[WhiteElo "2079"]
[BlackElo "2164"]
[PlyCount "76"]
[EventDate "2024.04.24"]
[EventType "swiss (blitz)"]
[EventRounds "11"]
[EventCountry "NET"]
[SourceTitle "CB18_2024"]
[SourceDate "2024.05.01"]
[SourceVersion "1"]
[SourceVersionDate "2024.05.01"]
[SourceQuality "2"]

1. e4 c5 2. Nf3 Nc6 3. Bb5 g6 4. 0-0 Bg7 5. Re1 Nf6 6. c3 0-0 7. d4 d5 8. e5 Ne4 9. Bd3 cxd4 10. cxd4 Bf5 11. Nh4 Nxd4 12. Nxf5 gxf5 13. f3 Nc5 14. Nc3 e6 15. Bf1 Nc6 16. f4 Qb6 17. Kh1 Ne4 18. Be3 d4 19. Bg1 Qxb2 20. Nxe4 fxe4 21. Rxe4 Rfd8 22. Re2 Qa3 23. Rd2 Rd7 24. Rd3 Qc5 25. Qg4 Ne7 26. Rg3 Nf5 27. Bd3 Nxg3+ 28. hxg3 Qc3 29. Rd1 Rc8 30. Qh5 h6 31. Qf3 Qc6 32. Be4 Qc3 33. Qg4 d3 34. Qh5 Qc2 35. Bf3 d2 36. Be3 Rc3 37. Bf2 Qd3 38. Kh2 Rc1 0-1

[Event "Titled Tuesday intern op 16th Apr Late"]
[Site "Chess.com INT"]
[Date "2024.04.16"]
[Round "6"]
[White "Boor, Carl Brandon"]
[Black "Narva, Triin"]
[Result "1-0"]
[WhiteElo "2231"]
[BlackElo "2079"]
[PlyCount "69"]
[EventDate "2024.04.16"]
[EventType "swiss (blitz)"]
[EventRounds "11"]
[EventCountry "USA"]
[SourceTitle "CB17_2024"]
[SourceDate "2024.04.24"]
[SourceVersion "1"]
[SourceVersionDate "2024.04.24"]
[SourceQuality "1"]

1. d4 g6 2. Nf3 Bg7 3. Bg5 d6 4. e3 Nf6 5. Nbd2 0-0 6. Bd3 Nbd7 7. 0-0 c5 8. c3 a6 9. a4 Rb8 10. a5 h6 11. Bh4 d5 12. Bg3 Ra8 13. Ne5 c4 14. Bc2 Nh5 15. Nef3 Nxg3 16. hxg3 b5 17. axb6 Qxb6 18. b3 cxb3 19. Bxb3 e6 20. c4 Bb7 21. c5 Qc7 22. Rb1 Bc6 23. Ba4 Rfb8 24. Qc2 e5 25. Rfc1 f5 26. Bxc6 Qxc6 27. Qa2 g5 28. Nb3 g4 29. Nh4 f4 30. Na5 Qe6 31. c6 Nf6 32. c7 Rc8 33. Rc6 Qe7 34. Ng6 Qe8 35. dxe5 1-0

[Event "Titled Tuesday intern op 16th Apr Late"]
[Site "Chess.com INT"]
[Date "2024.04.16"]
[Round "2"]
[White "Narva, Triin"]
[Black "Shubenkova, Veronika"]
[Result "0-1"]
[WhiteElo "2079"]
[BlackElo "2113"]
[PlyCount "82"]
[EventDate "2024.04.16"]
[EventType "swiss (blitz)"]
[EventRounds "11"]
[EventCountry "USA"]
[SourceTitle "CB17_2024"]
[SourceDate "2024.04.24"]
[SourceVersion "1"]
[SourceVersionDate "2024.04.24"]
[SourceQuality "1"]

1. e4 c5 2. Nf3 e6 3. c3 d5 4. exd5 exd5 5. d4 cxd4 6. Nxd4 Nf6 7. Be2 Be7 8. 0-0 0-0 9. h3 Nc6 10. Be3 Bd7 11. Nd2 Rc8 12. N2f3 a6 13. Nxc6 Bxc6 14. Nd4 Bd7 15. Bd3 Bc5 16. Qf3 h6 17. Rad1 Qe7 18. Rfe1 Rfe8 19. Bd2 Qd6 20. Bf4 Qb6 21. Bxh6 gxh6 22. Nf5 Bxf5 23. Qxf5 Bf8 24. g4 Bg7 25. g5 hxg5 26. Qxg5 Ne4 27. Qg2 Re6 28. Be2 Rg6 29. Bg4 f5 30. Rxd5 Nxf2 31. Qxf2 Qxf2+ 32. Kxf2 fxg4 33. hxg4 Rxg4 34. Re7 Rf8+ 35. Ke2 Rgf4 36. Rdd7 Rf2+ 37. Kd3 R8f3+ 38. Kc4 b5+ 39. Kd5 Rf7 40. Rd8+ Kh7 41. Re4 Rd2+ 0-1

[Event "Titled Tuesday intern op 02nd Apr Late"]
[Site "Chess.com INT"]
[Date "2024.04.02"]
[Round "4"]
[White "Narva, Triin"]
[Black "Coe, William R"]
[Result "1/2-1/2"]
[WhiteElo "2079"]
[BlackElo "2078"]
[PlyCount "94"]
[EventDate "2024.04.02"]
[EventType "swiss (blitz)"]
[EventRounds "11"]
[EventCountry "USA"]
[SourceTitle "CB15_2024"]
[SourceDate "2024.04.10"]
[SourceVersion "1"]
[SourceVersionDate "2024.04.10"]
[SourceQuality "1"]

1. e4 c5 2. Nf3 e6 3. c3 d5 4. exd5 Qxd5 5. Na3 Nf6 6. Be2 Be7 7. d4 cxd4 8. Nb5 Qd8 9. Bf4 Nd5 10. Bxb8 Rxb8 11. Qxd4 a6 12. Qe5 Bd7 13. Nd6+ Bxd6 14. Qxd6 Bc6 15. Qa3 Qe7 16. Qxe7+ Kxe7 17. Nd4 Bd7 18. Bf3 Nf4 19. 0-0 e5 20. Nb3 Rhc8 21. Rad1 Bc6 22. Bxc6 Rxc6 23. Rfe1 f6 24. g3 Ng6 25. Nd4 Rc7 26. Nf5+ Ke6 27. g4 Nf4 28. Rd6+ Kf7 29. Red1 Ne6 30. Rd7+ Rxd7 31. Rxd7+ Kf8 32. Re7 Nf4 33. Rxg7 Rd8 34. h4 Rd1+ 35. Kh2 Rd2 36. Kg3 Rd3+ 37. f3 Rd2 38. h5 Rg2+ 39. Kh4 Rh2+ 40. Kg3 Rg2+ 41. Kh4 Rxb2 42. Rxh7 Rxa2 43. Rxb7 Rh2+ 44. Kg3 Rg2+ 45. Kh4 Rh2+ 46. Kg3 Rg2+ 47. Kh4 Rh2+ 1/2-1/2

[Event "Titled Tuesday intern op 02nd Apr Early"]
[Site "Chess.com INT"]
[Date "2024.04.02"]
[Round "8"]
[White "Narva, Triin"]
[Black "Teimouri Yadkuri, Shahdad"]
[Result "0-1"]
[WhiteElo "2079"]
[BlackElo "2201"]
[PlyCount "96"]
[EventDate "2024.04.02"]
[EventType "swiss (blitz)"]
[EventRounds "11"]
[EventCountry "USA"]
[SourceTitle "CB15_2024"]
[SourceDate "2024.04.10"]
[SourceVersion "1"]
[SourceVersionDate "2024.04.10"]
[SourceQuality "1"]

1. e4 c5 2. Nc3 e6 3. g3 d5 4. exd5 exd5 5. Bg2 d4 6. Nd5 Nc6 7. d3 Nf6 8. Bg5 Be7 9. Nxe7 Qxe7+ 10. Ne2 h6 11. Bxf6 Qxf6 12. Nf4 0-0 13. 0-0 Bd7 14. Qh5 Qd6 15. Rfe1 Rae8 16. Bd5 Be6 17. Nxe6 fxe6 18. Be4 e5 19. f4 Kh8 20. f5 Re7 21. Rf1 Qf6 22. g4 Nb4 23. Rf2 g5 24. Kh1 Kg7 25. Rg1 Rc8 26. h4 c4 27. a3 Na6 28. Kg2 cxd3 29. cxd3 Nc5 30. Rh1 Nxe4 31. dxe4 Rc6 32. Kg3 d3 33. hxg5 Qxg5 34. Qxg5+ hxg5 35. Rfh2 Rec7 36. Rh7+ Kf8 37. Rh8+ Ke7 38. R1h7+ Kd6 39. Rd8+ Kc5 40. Rxd3 Rxh7 41. Rd5+ Kc4 42. Rxe5 Rd6 43. Re8 Rd3+ 44. Kg2 Rhd7 45. f6 Rd2+ 46. Kf1 Kd3 47. f7 Rxf7+ 48. Ke1 Ke3 0-1

[Event "Titled Tuesday intern op 02nd Apr Late"]
[Site "Chess.com INT"]
[Date "2024.04.02"]
[Round "6"]
[White "Villabrille, Roberto"]
[Black "Narva, Triin"]
[Result "0-1"]
[WhiteElo "2140"]
[BlackElo "2079"]
[PlyCount "72"]
[EventDate "2024.04.02"]
[EventType "swiss (blitz)"]
[EventRounds "11"]
[EventCountry "USA"]
[SourceTitle "CB15_2024"]
[SourceDate "2024.04.10"]
[SourceVersion "1"]
[SourceVersionDate "2024.04.10"]
[SourceQuality "1"]

1. d4 d5 2. Nf3 Nf6 3. Bf4 e6 4. e3 Bd6 5. Bg3 0-0 6. Nbd2 c5 7. c3 Nc6 8. Bd3 a6 9. Ne5 Bxe5 10. dxe5 Nd7 11. f4 f6 12. exf6 Nxf6 13. 0-0 c4 14. Bb1 Qb6 15. Bf2 Qxb2 16. Qc1 Qxc1 17. Rxc1 e5 18. g3 Ng4 19. Rf1 Be6 20. Bc2 Rae8 21. Rab1 Bc8 22. Kg2 exf4 23. exf4 Re2 24. Rbd1 Ne3+ 25. Kf3 Nxd1 26. Kxe2 Nxc3+ 27. Kf3 Nxa2 28. Ba4 b5 29. Bc2 Nab4 30. Bb1 c3 31. Nb3 c2 32. Bc5 cxb1Q 33. Rxb1 Re8 34. Bxb4 Nxb4 35. Nc5 Nc2 36. Rb3 Nd4+ 0-1

[Event "Swiss Queens Wed #9"]
[Site "FIDE Online Arena INT"]
[Date "2024.03.27"]
[Round "11"]
[White "Narva, Triin"]
[Black "Tripurambika, V."]
[Result "0-1"]
[WhiteElo "2104"]
[BlackElo "1626"]
[PlyCount "98"]
[EventDate "2024.03.27"]
[EventType "swiss (blitz)"]
[EventRounds "11"]
[EventCountry "NET"]
[SourceTitle "CB14_2024"]
[SourceDate "2024.04.01"]
[SourceVersion "1"]
[SourceVersionDate "2024.04.01"]
[SourceQuality "1"]

1. e4 c5 2. Nf3 g6 3. c3 d5 4. exd5 Qxd5 5. Na3 Bg7 6. Be2 Bd7 7. 0-0 Nf6 8. Bc4 Qc6 9. Ne5 Qc8 10. Nxf7 Rf8 11. Ne5 Be6 12. Bxe6 Qxe6 13. Re1 Nc6 14. Nb5 Qc8 15. d4 a6 16. Na3 Nxe5 17. dxe5 Nd7 18. e6 Ne5 19. f4 Nc6 20. Nc4 Qc7 21. Be3 Rd8 22. Qg4 b5 23. Nd2 b4 24. Rac1 bxc3 25. bxc3 Qa5 26. Ne4 Rf5 27. Qh4 h6 28. Qg4 Kf8 29. Qxg6 c4 30. Nc5 Kg8 31. Qxf5 Qxa2 32. Qf7+ Kh7 33. Nd7 Rg8 34. f5 Kh8 35. Qh5 Kh7 36. Re2 Qa3 37. Rf1 Qxc3 38. Qg6+ Kh8 39. Qh5 Kh7 40. Kh1 Ne5 41. Bf4 Nd3 42. Bg3 Qd4 43. Ree1 c3 44. Rd1 c2 45. Rc1 Nxc1 46. Rxc1 Qd2 47. Bf4 Qxf4 48. Qg6+ Kh8 49. Rg1 c1Q 0-1

[Event "Swiss Queens Wed #8"]
[Site "FIDE Online Arena INT"]
[Date "2024.03.20"]
[Round "3"]
[White "Narva, Triin"]
[Black "Mira, Helene"]
[Result "0-1"]
[WhiteElo "2104"]
[BlackElo "2021"]
[PlyCount "62"]
[EventDate "2024.03.20"]
[EventType "swiss (blitz)"]
[EventRounds "11"]
[EventCountry "NET"]
[SourceTitle "CB13_2024"]
[SourceDate "2024.03.27"]
[SourceVersion "1"]
[SourceVersionDate "2024.03.27"]
[SourceQuality "1"]

1. e4 d6 2. d4 Nf6 3. Nc3 c6 4. h3 e5 5. Nf3 Nbd7 6. Be2 Be7 7. 0-0 0-0 8. Be3 g6 9. Qd2 Nh5 10. Bh6 Ng7 11. Rad1 Qb6 12. Bc4 Qxb2 13. Bb3 Qa3 14. Ng5 exd4 15. Qxd4 Bf6 16. Qe3 Qa5 17. Ne2 Ne5 18. Rxd6 Bxg5 19. Qxg5 Be6 20. Bxg7 Nf3+ 21. gxf3 Qxg5+ 22. Ng3 Kxg7 23. Bxe6 fxe6 24. Rxe6 Rxf3 25. Kg2 Raf8 26. Rd6 Qf4 27. Rd7+ Rf7 28. Rxf7+ Kxf7 29. Kg1 h5 30. Kg2 h4 31. Ne2 Qg5+ 0-1

[Event "Swiss Queens Wed #7"]
[Site "FIDE Online Arena INT"]
[Date "2024.03.13"]
[Round "2"]
[White "Narva, Triin"]
[Black "Kruusiauk, Heda"]
[Result "1-0"]
[WhiteElo "2104"]
[BlackElo "1806"]
[PlyCount "55"]
[EventDate "2024.03.13"]
[EventType "swiss (blitz)"]
[EventRounds "11"]
[EventCountry "NET"]
[SourceTitle "CB12_2024"]
[SourceDate "2023.10.01"]
[SourceVersion "1"]
[SourceVersionDate "2023.10.01"]
[SourceQuality "1"]

1. e4 d5 2. exd5 Nf6 3. d3 Nxd5 4. g3 c6 5. Bg2 e5 6. Ne2 Be6 7. 0-0 Be7 8. Nbc3 0-0 9. Nxd5 cxd5 10. f4 Bc5+ 11. Kh1 exf4 12. Nxf4 Nc6 13. Qh5 Ne7 14. Bd2 Qd7 15. Rae1 Rad8 16. c3 b5 17. d4 Bb6 18. Nd3 g6 19. Qe2 Nf5 20. Bg5 Rc8 21. g4 Ng7 22. Ne5 Qc7 23. Bh6 Ne8 24. Bxf8 Ng7 25. Bxg7 f5 26. gxf5 Bxf5 27. Bh6 Re8 28. Bf4 1-0

[Event "Swiss Queens Wed #7"]
[Site "FIDE Online Arena INT"]
[Date "2024.03.13"]
[Round "5"]
[White "Narva, Triin"]
[Black "Kusakina, Uliana"]
[Result "1-0"]
[WhiteElo "2104"]
[BlackElo "1761"]
[PlyCount "89"]
[EventDate "2024.03.13"]
[EventType "swiss (blitz)"]
[EventRounds "11"]
[EventCountry "NET"]
[SourceTitle "CB12_2024"]
[SourceDate "2023.10.01"]
[SourceVersion "1"]
[SourceVersionDate "2023.10.01"]
[SourceQuality "1"]

1. e4 c5 2. Nf3 e6 3. c3 Nf6 4. e5 Nd5 5. d4 cxd4 6. Nxd4 Nc6 7. Nxc6 bxc6 8. c4 Nb4 9. Nc3 c5 10. Be3 Nc6 11. f4 Be7 12. Be2 0-0 13. 0-0 Bb7 14. Qe1 a6 15. Rd1 Qc7 16. Qf2 Nb4 17. Bg4 Rac8 18. a3 Nc6 19. Be2 Nb8 20. Qg3 Kh8 21. f5 exf5 22. Rxf5 Qb6 23. Bc1 Rcd8 24. Rdf1 Qg6 25. Qf2 Kg8 26. Bh5 Qxg2+ 27. Qxg2 Bxg2 28. Bxf7+ Rxf7 29. Rxf7 Bxf1 30. Rxf1 Nc6 31. Bf4 Nd4 32. Nd5 Bh4 33. Rd1 Rf8 34. Bg3 Bxg3 35. hxg3 Nf3+ 36. Kg2 Nxe5 37. Re1 Nxc4 38. Re7 d6 39. Rd7 Re8 40. g4 h6 41. Kf3 Rf8+ 42. Kg3 Re8 43. Nf4 Re3+ 44. Kf2 Rb3 45. Nh5 1-0

[Event "Swiss Queens Wed #7"]
[Site "FIDE Online Arena INT"]
[Date "2024.03.13"]
[Round "3"]
[White "Preobrazhenskaya, Diana"]
[Black "Narva, Triin"]
[Result "1-0"]
[WhiteElo "1992"]
[BlackElo "2104"]
[PlyCount "141"]
[EventDate "2024.03.13"]
[EventType "swiss (blitz)"]
[EventRounds "11"]
[EventCountry "NET"]
[SourceTitle "CB12_2024"]
[SourceDate "2023.10.01"]
[SourceVersion "1"]
[SourceVersionDate "2023.10.01"]
[SourceQuality "1"]

1. e4 d5 2. exd5 Qxd5 3. Nc3 Qd6 4. d4 Nf6 5. Nf3 Nc6 6. d5 Nb4 7. Bc4 Bf5 8. Nd4 Qe5+ 9. Be3 Bg4 10. Qd2 Nbxd5 11. Nxd5 Nxd5 12. Bxd5 Qxd5 13. h3 Qxg2 14. Rf1 Bd7 15. 0-0-0 e5 16. Nf3 Bb5 17. Nxe5 Bd6 18. Rg1 Qxh3 19. Qc3 f6 20. Nc4 Bxc4 21. Qxc4 Qd7 22. Bf4 Rd8 23. Rge1+ Kf8 24. Bxd6+ cxd6 25. Rd5 g6 26. Qb4 Qf7 27. Red1 Kg7 28. Rxd6 Rxd6 29. Qxd6 Re8 30. Qd7 Re7 31. Qd5 Rc7 32. Qd3 Qxa2 33. b3 Qa1+ 34. Kd2 Qe5 35. Re1 Qf4+ 36. Kd1 Qg4+ 37. Re2 Qg5 38. Ke1 Qa5+ 39. Rd2 Qa1+ 40. Ke2 Qe5+ 41. Kf3 Re7 42. Kg2 Qe4+ 43. Qxe4 Rxe4 44. Rd7+ Kh6 45. Rxb7 a5 46. Ra7 Re5 47. c4 Rc5 48. Rb7 f5 49. Rb5 Rc6 50. Rxa5 Kg5 51. c5 h5 52. b4 Kg4 53. Ra8 g5 54. Rg8 h4 55. Rd8 h3+ 56. Kh2 Kh4 57. Rd4+ g4 58. Rc4 Kg5 59. b5 Rc8 60. b6 Re8 61. b7 f4 62. c6 Kh4 63. c7 g3+ 64. Kg1 h2+ 65. Kg2 Re1 66. Rxf4+ Kg5 67. Kxg3 h1Q 68. Rg4+ Kh5 69. c8Q Qg1+ 70. Kf4 Qxg4+ 71. Qxg4+ 1-0

[Event "Titled Tuesday intern op 13th Feb Late"]
[Site "Chess.com INT"]
[Date "2024.02.13"]
[Round "1"]
[White "Narva, Triin"]
[Black "Shubenkova, Veronika"]
[Result "0-1"]
[WhiteElo "2095"]
[BlackElo "2007"]
[PlyCount "136"]
[EventDate "2024.02.13"]
[EventType "swiss (blitz)"]
[EventRounds "11"]
[EventCountry "USA"]
[SourceTitle "CB08_2024"]
[SourceDate "2024.02.21"]
[SourceVersion "1"]
[SourceVersionDate "2024.02.21"]
[SourceQuality "1"]

1. e4 e6 2. d4 d5 3. Nd2 Nf6 4. e5 Nfd7 5. Bd3 c5 6. c3 Nc6 7. Ne2 Be7 8. 0-0 0-0 9. f4 f5 10. Nf3 a6 11. Ng5 Bxg5 12. fxg5 cxd4 13. cxd4 b5 14. Be3 Nb6 15. b3 Ne7 16. h4 Nd7 17. Nf4 Qb6 18. Qe2 Bb7 19. Rad1 Rfc8 20. Bf2 Nf8 21. h5 Rc3 22. Kh1 Rac8 23. Be1 R3c7 24. Bb4 Rd7 25. Rf3 Qxd4 26. Bxe7 Rxe7 27. Bxf5 Qb6 28. Bb1 Rd7 29. Rdf1 d4 30. Rg3 Rc3 31. Qg4 Rxg3 32. Qxg3 Qc5 33. g6 Qxe5 34. gxh7+ Nxh7 35. Bxh7+ Kxh7 36. Qg6+ Kh8 37. Qe8+ Kh7 38. Qxd7 Bxg2+ 39. Nxg2 Qxh5+ 40. Kg1 Qe5 41. Qc6 d3 42. Qf3 Qd4+ 43. Qf2 Qd5 44. Qh4+ Kg8 45. Qf4 e5 46. Qf8+ Kh7 47. Qf5+ Kh8 48. Qh5+ Kg8 49. Ne3 Qd4 50. Qe8+ Kh7 51. Qh5+ Kg8 52. Qf3 d2 53. Rd1 e4 54. Qe2 Qe5 55. Rxd2 Qg5+ 56. Kf1 Qf4+ 57. Qf2 Qg5 58. Rd5 Qe7 59. Rf5 Qa3 60. Rf8+ Qxf8 61. Qxf8+ Kxf8 62. Kg2 Ke7 63. Kg3 Kd6 64. Kf4 Kc5 65. Nc2 Kd5 66. Nb4+ Kd4 67. Nxa6 e3 68. Nb4 e2 0-1

[Event "Titled Tuesday intern op 13th Feb Late"]
[Site "Chess.com INT"]
[Date "2024.02.13"]
[Round "6"]
[White "Nigalidze, Gaioz"]
[Black "Narva, Triin"]
[Result "1-0"]
[WhiteElo "2373"]
[BlackElo "2095"]
[PlyCount "61"]
[EventDate "2024.02.13"]
[EventType "swiss (blitz)"]
[EventRounds "11"]
[EventCountry "USA"]
[SourceTitle "CB08_2024"]
[SourceDate "2024.02.21"]
[SourceVersion "1"]
[SourceVersionDate "2024.02.21"]
[SourceQuality "1"]

1. e4 d5 2. e5 c5 3. Nf3 Nc6 4. Bb5 Bg4 5. h3 Bh5 6. d4 e6 7. c3 cxd4 8. cxd4 Bb4+ 9. Nc3 Nge7 10. 0-0 0-0 11. g4 Bg6 12. Bg5 Qa5 13. a4 a6 14. Be2 Bxc3 15. bxc3 Qxc3 16. Bd2 Qb2 17. Be3 Nb4 18. Rc1 Nec6 19. Qd2 Qa3 20. Ra1 Qb3 21. Rfc1 Nc2 22. Rab1 Qxa4 23. Bd1 N6b4 24. Nh4 Rac8 25. Nxg6 hxg6 26. Rxb4 Qxb4 27. Rxc2 Qb1 28. Rb2 Qe4 29. Rxb7 a5 30. f3 Qxe3+ 31. Qxe3 1-0

[Event "Swiss Queens Wed #2"]
[Site "FIDE Online Arena INT"]
[Date "2024.02.07"]
[Round "9"]
[White "Devanshi, Rathi"]
[Black "Narva, Triin"]
[Result "0-1"]
[WhiteElo "1559"]
[BlackElo "2095"]
[PlyCount "106"]
[EventDate "2024.02.07"]
[EventType "swiss (blitz)"]
[EventRounds "11"]
[EventCountry "NET"]
[SourceTitle "CB07_2024"]
[SourceDate "2024.02.14"]
[SourceVersion "1"]
[SourceVersionDate "2024.02.14"]
[SourceQuality "1"]

1. e4 d5 2. exd5 Qxd5 3. Nc3 Qd6 4. d4 Nf6 5. Nf3 Nc6 6. Be2 Bg4 7. Be3 e6 8. Nb5 Qd7 9. Bf4 Nd5 10. Bg3 a6 11. Nc3 Bb4 12. Qd3 Bf5 13. Qd2 0-0-0 14. 0-0 Nf6 15. Qg5 Bxc3 16. bxc3 Ne4 17. Qe3 Nxg3 18. hxg3 Bxc2 19. Rfc1 Bg6 20. a4 Qd5 21. c4 Qe4 22. Qxe4 Bxe4 23. d5 exd5 24. cxd5 Bxd5 25. Ng5 f6 26. Nf3 Rhe8 27. Bc4 Bxc4 28. Rxc4 Ne5 29. Nxe5 Rxe5 30. Rac1 Rd7 31. Rh4 h6 32. Rg4 Red5 33. Rgc4 Rd1+ 34. Rxd1 Rxd1+ 35. Kh2 c6 36. Kh3 Kc7 37. Rg4 Rd7 38. Kh4 Kb6 39. Kh5 Rd5+ 40. Kg6 Rg5+ 41. Rxg5 hxg5 42. Kxg7 c5 43. Kxf6 c4 44. Kxg5 c3 45. f4 c2 46. f5 c1Q+ 47. Kg6 Qe3 48. f6 Qxg3+ 49. Kf7 Qxg2 50. Ke8 Qc6+ 51. Ke7 Qxa4 52. f7 Qf4 53. f8Q Qxf8+ 0-1

[Event "Swiss Queens Wed #2"]
[Site "FIDE Online Arena INT"]
[Date "2024.02.07"]
[Round "10"]
[White "Narva, Triin"]
[Black "Kusakina, Uliana"]
[Result "1-0"]
[WhiteElo "2095"]
[BlackElo "1602"]
[PlyCount "49"]
[EventDate "2024.02.07"]
[EventType "swiss (blitz)"]
[EventRounds "11"]
[EventCountry "NET"]
[SourceTitle "CB07_2024"]
[SourceDate "2024.02.14"]
[SourceVersion "1"]
[SourceVersionDate "2024.02.14"]
[SourceQuality "1"]

1. e4 c5 2. Nf3 e6 3. d4 cxd4 4. Nxd4 Nf6 5. Bd3 Nc6 6. Nxc6 bxc6 7. 0-0 d5 8. e5 Nd7 9. f4 Bc5+ 10. Kh1 0-0 11. Rf3 f5 12. exf6 Nxf6 13. Nc3 Qc7 14. Qe1 Re8 15. Qh4 e5 16. fxe5 Qxe5 17. Bg5 Bf2 18. Rxf2 h5 19. Bxf6 gxf6 20. Rxf6 Bg4 21. Raf1 Rab8 22. Qf2 Qe7 23. Qf4 Rxb2 24. Rg6+ Kh7 25. Qh6# 1-0